Návrh věcne orientovaných funkcí interaktivního systému.
Základné skupiny funkcií interaktívneho systému a obsah, úrovne a zásady návrhu vecne orientovaných funkcií. Statické a dynamické vecné charakteristiky používateľského prostredia. Zásady návrhu vecne orientovaných funkcií používateľského prostredia. Nadbytok a nedostatok informácií.
Salvato in:
| Autore principale: | |
|---|---|
| Natura: | Capitolo di libro |
| Lingua: | ceco |
| Soggetti: | |
| Tags: |
Nessun Tag, puoi essere il primo ad aggiungerne!!
|
MARC
| LEADER | 00000naa a2200000 4500 | ||
|---|---|---|---|
| 001 | r002739 | ||
| 005 | 20220819180937.8 | ||
| 041 | 0 | |a cze | |
| 044 | |a [CS] | ||
| 245 | 1 | 0 | |a Návrh věcne orientovaných funkcí interaktivního systému. |c J. Voříšek |
| 520 | |a Základné skupiny funkcií interaktívneho systému a obsah, úrovne a zásady návrhu vecne orientovaných funkcií. Statické a dynamické vecné charakteristiky používateľského prostredia. Zásady návrhu vecne orientovaných funkcií používateľského prostredia. Nadbytok a nedostatok informácií. | ||
| 610 | 2 | 0 | |a systémy interaktívne |
| 610 | 2 | 0 | |a používatelia |
| 610 | 2 | 0 | |a zabezpečenie informačné |
| 100 | 1 | |a Voříšek, J. | |